000 00749nam a2200205 i 4500
001 31681
003 ES-MaACL
005 20250712081851.0
007 t|
008 030129s1958 sp ||||1| spa d
100 1 _aBecerro Ruíz, Enrique.
_926896
245 1 0 _aNuevo estudio y mecanismo de reacción de la transposición de hidróxido de metil-bencil-fenacil sulfonio en medio debilmente alcalino... /
_cEnrique Becerro Ruíz.
260 _aSalamanca :
_bUniversidad de Salamanca,
_c1958 (
_fBermejo)
300 _a64 p. :
_bil. ;
_c25 cm.
490 1 _aActa Salmanticensia
710 2 _aUniversidad de Salamanca.
_97275
830 0 0 _aActa Salmanticensia
_9181394
852 _aES-MaACL
_jC-19197
_bR.44541
999 _c31681
_d31681